Länder, die dem Vereinigten Königreich am Nächsten liegen - Statistiken

Allgemein
  • Dieses Quiz wurde 221 mal gespielt
  • Das Durchschnittsergebnis liegt bei 16 aus 30
Antwortstatistiken
km Land % Korrekt
7 Frankreich
98%
0 Irland
98%
311 Deutschland
94%
80 Belgien
93%
12 Niederlande
92%
286 Norwegen
88%
289 Dänemark
87%
0 Spanien
87%
338 Luxemburg
81%
214 Portugal
79%
1 Vereinigte Staaten
76%
21 Marokko
61%
306 Algerien
51%
141 Kuba
47%
211 Jamaika
45%
141 Dominikanische Republik
43%
171 Haiti
42%
312 St. Lucia
41%
46 Bahamas
40%
50 St. Kitts und Nevis
37%
342 Argentinien
34%
137 Dominica
34%
19 Antigua und Barbuda
33%
0 Zypern
24%
113 Türkei
23%
235 Israel
22%
351 Ägypten
21%
173 Syrien
19%
177 Libanon
18%
299 Jordanien
15%
Keine übereinstimmenden Quizze gefunden
Verteilung der Resultate
Anzahl Personen mit jedem Resultat
Perzentil nach korrekt beantworteten Fragen
Ihre Resultats-Entwicklung
Sie haben dieses Quiz noch nicht gespielt